[Event "Mephisto Cup (40/120')"]
[Site "?"]
[Date "2012.??.??"]
[Round "4"]
[White "Saitek SH7034, Magellan"]
[Black "Mephisto 68030, London"]
[Result "0-1"]
[WhiteElo "2229"]
[BlackElo "2270"]
[Annotator "xchessg"]
[PlyCount "61"]
[SourceDate "2009.11.09"]

1. d4 c5 {[%eval 25,0] Aktiv, RF} 2. d5 Nf6 {[%eval 0,0] Turnier, modern;} 3.
c4 e6 {bib} 4. Nc3 exd5 5. cxd5 d6 6. Nf3 g6 7. e4 a6 8. Bf4 {*Turnierbuch, +0.
4} Bg7 {[%eval -18,0] *Turnierbuch;} 9. Qa4+ Bd7 10. Qb3 {+0.4} Bc8 {[%eval
-39,0] a tempo;} 11. e5 dxe5 12. Bxe5 O-O 13. Be2 Nbd7 14. Bg3 Re8 15. O-O-O {
a tempo; -0.1} b5 {[%eval 100,0]} 16. Rhe1 Nb6 17. d6 c4 {a tempo} 18. Qa3 Bb7
19. Bh4 Qc8 {[%eval 151,0]} 20. h3 {+0.0} Nfd5 {[%eval 151,0]} 21. Nxd5 Nxd5 {
a tempo} 22. Bg3 b4 {[%eval 360,0]} 23. Qa4 {-1.5} c3 24. b3 c2 {[%eval 503,0]}
25. Rd2 {-3.5} Bb2+ {[%emt 0:00:09] Matt in} 26. Kxb2 {+3.7} Qc3+ {a tempo} 27.
Kc1 Qa1+ 28. Kxc2 Ne3+ 29. fxe3 Be4+ 30. Rd3 Rac8+ 31. Qc6 {[%emt 0:00:03]
Matt in} 0-1

[Event "Mephisto Cup (40/120')"]
[Site "?"]
[Date "2012.??.??"]
[Round "5"]
[White "Mephisto 68030, London"]
[Black "Saitek SH7034, Magellan"]
[Result "1-0"]
[WhiteElo "2270"]
[BlackElo "2229"]
[Annotator "xchessg"]
[PlyCount "125"]
[SourceDate "2009.11.09"]

{Aktiv, RF} 1. c4 e5 2. Nc3 Nc6 3. g3 Nf6 4. Bg2 {[%eval 27,0] *Turnierbuch
modern;} Bc5 5. a3 O-O 6. b4 Bd4 7. Bb2 Bxc3 8. Bxc3 d5 9. b5 Nd4 10. e3 Re8
11. Bb2 {[%eval 42,0]} Bf5 {*Turnierbuch; -0.4} 12. Rc1 {a tempo} dxc4 13. a4 {
a tempo} Rb8 14. Rxc4 Be6 15. Rc3 {[%eval 36,0]} Bd5 {-0.1} 16. f3 e4 {a tempo}
17. f4 Ne6 18. f5 Nf8 19. Ne2 {a tempo} c6 20. O-O {[%eval 60,0] a tempo;} cxb5
{+0.6} 21. axb5 N8d7 22. Nf4 a6 23. Nxd5 Nxd5 24. Rc4 Qb6 {a tempo} 25. Bxe4 {
[%eval 78,0]} axb5 {+0.2} 26. Rd4 {[%eval 163,0]} N5f6 27. Bg2 Rbc8 28. Qb3 Nc5
29. Qb4 Na6 30. Qa3 {[%eval 169,0]} Nc5 {+0.9} 31. Bc1 {a tempo} Ra8 32. Qb2
Ra5 {a tempo} 33. Rh4 Nd3 34. Qc3 {a tempo} Nxc1 35. Rxc1 {[%eval 87,0]} Ra2 {
+0.6} 36. Rb4 Qd6 37. Rd4 {A tempo} Qe5 38. Qb3 {a tempo} Ra7 39. Qd3 Ra5 40.
Bxb7 {[%eval 157,0]} Qe7 {+1.0} 41. Qc3 Ra2 42. Qb3 Ra5 {a tempo} 43. Bg2 Ra3
44. Qb2 Ra5 45. Bc6 {[%eval 181,0]} Rb8 46. Rb4 h6 47. Bg2 Ne8 48. Qc3 Ra7 49.
Rcb1 Nd6 50. f6 {[%eval 212,0]} gxf6 {+0.9} 51. Rg4+ Kh7 52. Rf1 Ne8 53. Qd3+
Kh8 {+1.8} 54. Rh4 Kg7 55. Qf5 Qe5 {+2.2} 56. Qh3 Nd6 {a tempo} 57. Rxh6 f5 58.
Rh7+ {a tempo} Kg8 59. Qh6 {[%eval 372,0] a tempo;} Re8 60. Bd5 Ree7 {+2.7} 61.
Rf3 Ra4 {+4.5} 62. Kg2 Rd7 {a tempo} 63. d4 1-0

[Event "Mephisto Cup (40/120')"]
[Site "?"]
[Date "2012.??.??"]
[Round "6"]
[White "Saitek SH7034, Magellan"]
[Black "Mephisto 68030, London"]
[Result "0-1"]
[WhiteElo "2229"]
[BlackElo "2270"]
[Annotator "xchessg"]
[PlyCount "86"]
[SourceDate "2009.11.09"]

1. e4 e5 {[%emt 0:00:08] Riskant; RF 0.25; D+T+B 110%, S+L 100%, sel} 2. f4
exf4 3. Nf3 d6 4. d4 g5 5. h4 g4 6. Ng1 Bh6 7. Nc3 c6 8. Bd3 {*Aktivbuch; -0.8}
Nf6 {[%eval 24,0] *Turnierbuch klassik;} 9. g3 Nh5 10. Nce2 Bg7 11. gxf4 Bf6
12. Qd2 Bxh4+ 13. Kd1 f5 14. Qc3 fxe4 15. Bxe4 {a tempo; -0.6} O-O {[%eval 115,
0]} 16. Qd3 Rf7 {a tempo} 17. c4 Qe7 18. Bd2 Nf6 {a tempo} 19. Bxc6 Nxc6 {a
tempo} 20. Rxh4 {-0.5} Ne4 {[%eval 81,0]} 21. Rh2 Bf5 22. Qe3 Qf6 23. Be1 Rc8 {
a tempo} 24. Rc1 {+0.0} b6 {a tempo} 25. b3 Ne7 {[%eval 57,0]} 26. Bh4 Qg7 27.
Nc3 Nxc3+ 28. Rxc3 Nc6 29. Ne2 h6 30. Qd2 {+0.0} Nb4 {[%eval 42,0]} 31. a3 Na6
32. Bf2 {a tempo} Qg6 33. Ng3 Nc7 34. Nxf5 Rxf5 {a tempo} 35. Rg3 {+0.0} Ne6 {
[%eval 3,0] a tempo;} 36. Be3 d5 37. Qd3 Kg7 38. cxd5 Nxf4 39. Qa6 Rff8 $1 40.
Rb2 {-0.2} Nxd5 {[%eval 166,0]} 41. Bg1 {a tempo; -1.8} Nc3+ {[%eval 424,0]}
42. Ke1 {-3.0} Ne4 43. Rd3 {-5.5} Qf7 0-1

[Event "Mephisto Cup (40/120')"]
[Site "?"]
[Date "2012.??.??"]
[Round "7"]
[White "Mephisto 68030, London"]
[Black "Saitek SH7034, Magellan"]
[Result "0-1"]
[WhiteElo "2270"]
[BlackElo "2229"]
[Annotator "xchessg"]
[PlyCount "176"]
[SourceDate "2009.11.09"]

{Riskant, RF 0.25; D+T+B 110%, L+S 100%; sel} 1. e4 c5 2. Nf3 d6 3. d4 cxd4 4.
Nxd4 Nf6 5. Nc3 Nc6 6. Bg5 e6 7. Qd2 Be7 8. O-O-O O-O {Voelschow,Michael: '*'}
9. Nb3 (9. f4 h6 10. Bh4 {*} d5 11. e5 Ne4 (11... Nd7 12. Bf2 Nb6 13. Kb1 Bd7
14. g4 Na5) 12. Bxe7 Nxd2 13. Bxd8 Nxf1 14. Rhxf1 Rxd8 15. Ncb5 Kf8 {0,0} 16.
Rf3 {+0,51} a6 17. Nd6 Rb8 18. Rb3 Na7 {-0,2} 19. Rc3 Ke7 20. f5 {+1,48} Rxd6
21. exd6+ Kxd6 22. fxe6 Bxe6 23. Rb3 (23. Rg3 g5 24. Rf1) 23... Nc6 24. Nxc6
Kxc6 25. a4 Bf5 26. Rf1 Bg6 27. a5 Re8 28. Kd2 Re4 29. Rff3 Rd4+ 30. Kc1 Kc7
31. Rfc3+ Kb8 32. Rb6 Bh5 33. b4 {+1,45} Re4 34. b5 (34. Rd6 Ka7 35. Rc8 Bg4
36. Rc7 Re6 37. Rd8 Re1+ 38. Kb2 Re4 39. Rxf7 Rxb4+ 40. Kc1 Rb5 41. Rxg7 Bf5
42. g4 Be4 43. Rdd7 Ka8 44. h4 Rxa5 45. Rxb7) 34... Be2 {-1,6} 35. Rd6 {[%emt
0:00:27] +2,} Rc4 36. Rxc4 (36. Re3 Re4 37. b6 Kc8 38. Rc3+ Rc4 39. Rg3 Rg4 40.
Rxg4 Bxg4 41. Rxd5) 36... Bxc4 37. bxa6 bxa6 38. Rd7 d4 39. Rxd4 Be6 40. Kd2
Kc7 41. Rb4 Bd7 42. Ke3 Bc8 43. Rb6 Bb7 44. g3 Bc8 45. Kd4 Bb7 46. c4 Bc8 47.
c5 {+3,03} (47. Kc5) 47... Kd7 48. Kd5 Kc7 49. c6 Be6+ 50. Kc5 Bc8 51. Rb2 h5
52. Re2 Be6 53. h4 {+4,78.1-0 London 32 Bit,M-Magellan,M/Rostock 2003/
[Voelschow,Michael] (53)}) 9... Qb6 10. f3 Rd8 11. Be3 {[%eval 87,0] Voelschow,
Michael: '*' *Turnierbuch klassik;} Qc7 {Aktivbuch; +0.2} 12. Qf2 {Voelschow,
Michael: '*'} d5 13. Be2 (13. exd5 Nxd5 14. Nxd5 exd5 15. g4 Be6 16. Kb1 Bf6
17. g5 (17. Nd4 {wird vom Star nach 2:58 min verworfen.} Qa5 18. Nxe6 fxe6 19.
g5 Bxb2 20. Kxb2 Qb4+ 21. Ka1 Qc3+ 22. Kb1 Qb4+) 17... d4 18. Bd2 Be7 19. Bd3
Ne5 20. Nxd4 {-0,69} Nxd3 21. cxd3 Qb6 22. Be3 {-0,88} Bc5 23. Nc2 Bxe3 24.
Qxe3 Qa5 25. a3 (25. b3 Rac8 26. Rd2 Bf5 27. Rhd1 Qc3 28. f4 Rxd3 29. Rxd3
Qxc2+ 30. Ka1 Bxd3 31. Qxd3 $11) 25... Rac8 26. Rhe1 $4 Rxc2 $1 {+3,4} 27. Kxc2
Rc8+ 28. Kb1 Qd5 {0-1 Star Diamond,N-Magellan,M/Rostock 2003/[Voelschow,
Michael] (28)}) 13... Bd7 14. Kb1 dxe4 15. Nxe4 {[%eval 0,0] a tempo;} Rac8 {
-0.1} 16. Nxf6+ Bxf6 17. c3 Ne7 {a tempo} 18. Bxa7 Nd5 {+0.5} 19. Bc5 b6 {-0.2}
20. Be3 {[%eval -9,0]} Bxc3 {-0.3} 21. Bd3 {[%eval -51,0]} Nxe3 22. Qxe3 Be5
23. Rc1 {a tempo} Bc6 24. g3 {a tempo} Ra8 25. a3 {[%eval -33,0]} Qd6 {-0.3}
26. Rhd1 Bd5 27. Qe2 Bf6 {a tempo} 28. Qc2 Kh8 {a tempo} 29. Be4 b5 {a tempo}
30. Bxd5 {[%eval -12,0]} exd5 {-0.4} 31. Nd4 b4 32. Nc6 bxa3 {-1.1} 33. Nxd8 {
[%eval -54,0] a tempo;} Rxd8 34. Qc6 Qe5 35. Rc2 {[%eval -21,0] a tempo;} axb2
{-1.0} 36. Rcd2 {a tempo} d4 37. Qa6 Qd5 38. Qd3 Ra8 39. Rxb2 {a tempo} Qa5 40.
Kc2 {[%eval 0,0] a tempo;} Qc7+ {-0.2} 41. Kb1 Qa7 42. Kc2 Qa4+ {a tempo} 43.
Kd2 Re8 {a tempo} 44. Rf1 Qc6 45. Rb4 {a tempo} Qe6 46. Kd1 Qe7 {a tempo} 47.
Rb2 Qc7 48. Rff2 Rd8 49. Rfc2 Qe7 50. Re2 {[%eval 72,0]} Qa7 {-0.2} 51. Ke1 Bg5
52. f4 Bf6 53. Kf2 {a tempo} Qd7 54. Re1 Qc8 {+0.4} 55. Rc2 {[%eval 196,0]} Qd7
56. Rec1 Re8 {a tempo} 57. Rc7 Qe6 58. Kg1 Kg8 59. Rd1 Qe3+ {a tempo} 60. Kg2 {
[%eval 169,0]} Qe6 {+0.5} 61. Ra7 Qc6+ 62. Kg1 Rd8 63. Rb1 Qc3 64. Ra3 {a tempo
} Qc6 65. Rab3 Qe8 {a tempo} 66. Qc4 Qe7 67. Rb7 Qe3+ {a tempo} 68. Kg2 Qe4+
69. Kh3 Qf5+ 70. g4 $2 {[%eval 72,0] a tempo;} (70. Kg2) 70... Qxf4 71. Qxf7+
Kh8 72. Qc7 Qg5 {a tempo} 73. Qg3 $6 (73. Rb8 Qh4+ 74. Kg2 Qxg4+ 75. Kh1 $15)
73... Be5 74. Qh4 Qe3+ {a tempo} 75. Kg2 {[%eval 0,0]} Rf8 {-1.2} (75... Rc8 $5
) 76. g5 $2 {[%eval -130,0]} (76. Rf7 $1) 76... Qf3+ 77. Kg1 {a tempo} Bf4 78.
Re7 {a tempo} h6 79. g6 Be3+ 80. Rxe3 {[%eval -212,0] a tempo;} Qxe3+ {-2.8}
81. Kh1 Qf3+ 82. Kg1 Qd3 83. Re1 Qxg6+ 84. Kh1 d3 85. Qd4 Qc6+ 86. Kg1 Qf3 87.
Qe3 {[%eval -406,0]} d2 {a tempo} 88. Qxd2 Rf5 0-1

[Event "Mephisto Cup (40/120')"]
[Site "?"]
[Date "2012.??.??"]
[Round "8"]
[White "Saitek SH7034, Magellan"]
[Black "Mephisto 68030, London"]
[Result "1-0"]
[WhiteElo "2229"]
[BlackElo "2270"]
[Annotator "xchessg"]
[PlyCount "52"]
[SourceDate "2009.11.09"]

1. e4 e5 {[%emt 0:00:08] Riskant, Rf 0.25, D+T+B 110%, L+S 100%, Sel} 2. Bc4
Nf6 3. d4 exd4 4. Nf3 Nxe4 5. Qxd4 Nf6 6. Bg5 Be7 7. Nc3 c6 8. O-O-O d5 9. Rhe1
O-O 10. Bd3 {*Fullbook, -0.7} Nbd7 11. Rd2 Nc5 $2 {*Turnierbuch klassik, 1.33;
auch mit Einstellung sel 12 (bei Stil Riskant und Aktiv) wird dieser Zug
widerholt.} ({besser ist} 11... h6) 12. Bxh7+ $1 {-0.7} Kxh7 $8 {2.69; Mit
Aktiv-einstellung (sel 12) wird hier als Bewertung 0.43 gegeben} 13. Bxf6 $8 {
a tempo; -0.4} gxf6 $2 {[%eval 266,0]} ({Mit Einstellung Aktiv bei sel 12
spielt Genius hier solider:} 13... Nb3+ 14. axb3 Bxf6 15. Qd3+ Kg8 $13) 14.
Qh4+ {+0.5} Kg7 {[%eval 0,0] a tempo;} 15. Qg3+ {+0.8} Kh8 {[%eval 0,0] a
tempo;} 16. Rd4 $1 {-2.3} Ne4 {[%eval -21,0]} 17. Rexe4 {+0.9} dxe4 {[%eval 6,
0]} 18. Rxd8 {a tempo; +1.3} Rxd8 19. Ng5 {+1.4} fxg5 {[%eval -197,0]} 20. Qe5+
{a tempo;+2.0} Kg8 21. Qxe7 Be6 22. Qxg5+ {a tempo} Kf8 23. Nxe4 b6 {a tempo}
24. h4 c5 25. Qf6 {+2.4} Rac8 {[%eval -209,0]} 26. Ng5 {+3.5} Ke8 {[%eval -342,
0]} 1-0

[Event "Mephisto Cup (40/120')"]
[Site "?"]
[Date "2012.??.??"]
[Round "9"]
[White "Mephisto 68030, London"]
[Black "Saitek SH7034, Magellan"]
[Result "1/2-1/2"]
[WhiteElo "2270"]
[BlackElo "2229"]
[Annotator "xchessg"]
[PlyCount "126"]
[SourceDate "2009.11.09"]

{Aktiv, RF 0.25; D+T+B 110%, L+S 100%, Sel} 1. e4 b6 2. d4 Bb7 3. Nc3 e6 {
*Fullbook; +0.1} 4. Nf3 Bb4 5. Bd3 c5 {+0.0} 6. O-O {[%eval 60,0] *Turnierbuch
klassik;} cxd4 7. Nb5 {a tempo} a6 8. Nbxd4 d5 9. exd5 Qxd5 {a tempo} 10. Bf4 {
[%eval 54,0]} Nc6 {+0.3} 11. c4 Qd7 12. Be4 Nxd4 13. Bxb7 Qxb7 {a tempo} 14.
Qxd4 Nf6 {a tempo} 15. Be5 {[%eval 42,0]} Be7 {+0.1} 16. Qf4 {a tempo} O-O 17.
b3 {a tempo} Rfd8 18. Rfd1 b5 19. Rxd8+ {a tempo} Rxd8 20. Re1 {[%eval 18,0]}
bxc4 21. bxc4 {a tempo} Qb4 {-0.4} 22. h3 Rc8 23. Rc1 Qa4 {a tempo} 24. Nd2
Qxa2 {a tempo} 25. Ra1 {[%eval -51,0]} Qc2 {-0.6} 26. Rxa6 Bb4 27. Nf1 Qe4 {a
tempo} 28. Ne3 Bc5 29. Ra1 Qxf4 30. Bxf4 {[%eval -45,0]} Nd7 {-0.2} 31. Kf1 Nb6
32. Ke2 {a tempo} f6 33. f3 e5 34. Bg3 {a tempo} Bxe3 35. Kxe3 {[%eval -66,0]}
Nxc4+ 36. Kd3 Rc7 37. Ra2 Nd6 38. Be1 Kf7 {a tempo} 39. Bf2 Rd7 40. Rc2 {
[%eval -84,0] a tempo;} f5 {-1.2} 41. Ke2 e4 42. Be3 h6 43. Rc6 Nb5 {a tempo}
44. Kf2 Rd3 45. Rc5 {[%eval -75,0] a tempo;} Nc3 {-0.9} 46. Rxf5+ {[%eval -33,
0]} Ke6 {-0.7} 47. Rf8 {[%eval -18,0] a tempo;} Nd1+ 48. Ke2 {a tempo} Rxe3+
49. Kxd1 {[%eval -30,0] a tempo;} Ke7 50. Rf4 {[%eval -24,0]} exf3 {-0.3} 51.
gxf3 Ke6 52. Kd2 Rb3 {a tempo} 53. h4 g6 54. Ke2 Ke5 55. Ra4 {[%eval -6,0]} Rb5
{-0.3} 56. Ke3 Kf5 {a tempo} 57. Rf4+ Ke6 {a tempo} 58. Re4+ Kf7 {a tempo} 59.
Rc4 Rb6 60. Ra4 {[%eval -3,0]} Ke6 {-0.6} 61. Kf4 Kf6 62. Kg4 {a tempo} Rd6 63.
h5 {[%eval 0,0]} gxh5+ {-0.2} 1/2-1/2

[Event "Mephisto Cup (40/120')"]
[Site "?"]
[Date "2012.??.??"]
[Round "10"]
[White "Saitek SH7034, Magellan"]
[Black "Mephisto 68030, London"]
[Result "0-1"]
[WhiteElo "2229"]
[BlackElo "2270"]
[Annotator "xchessg"]
[PlyCount "129"]
[SourceDate "2009.11.09"]

1. Nf3 d5 {[%emt 0:00:12] Aktiv, Rf 0.25; D+T+B 110%, L+S 100%, Sel} 2. g3 Nf6
3. Bg2 {*Fullbook; +0.1} c6 4. O-O Bg4 5. d4 Nbd7 {[%eval 18,0] *Turnierbuch
klassik;} 6. Nbd2 e6 7. c4 {a tempo} Bd6 8. Re1 {a tempo} O-O 9. e4 dxe4 10.
Nxe4 {-0.2} Nxe4 {[%eval 12,0]} 11. Rxe4 {a tempo} Bf5 12. Re1 Qa5 13. a3 Bb4
14. Re3 Be7 15. d5 {a tempo; +0.4} cxd5 {[%eval 9,0]} 16. cxd5 Nf6 17. d6 Qd8 {
a tempo} 18. Rd3 Bxd3 19. dxe7 {a tempo} Qxe7 20. Qxd3 {a tempo; +0.5} Rfd8 {
[%eval -15,0]} 21. Qb3 Rac8 22. Bg5 b6 23. Ne5 {a tempo} Qc5 24. Bxf6 gxf6 {a
tempo} 25. Ng4 {+0.5} Kg7 {[%eval 15,0]} 26. Ne3 Rd2 {a tempo} 27. Rd1 Rcd8 28.
Bf3 {a tempo} Rxd1+ 29. Nxd1 {a tempo} Rd2 30. Qa4 {+0.6} a5 31. Kf1 Qe5 32.
Kg2 h6 33. Qg4+ Kh7 {a tempo} 34. Qc4 f5 35. Qc6 {+0.2} Qc5 {[%eval 9,0]} 36.
Qb7 Kg7 37. Bh5 Qd5+ 38. Qxd5 Rxd5 39. Be2 Kf6 40. f4 {+0.6} b5 {[%eval 24,0]}
41. Nf2 Rd2 42. Bxb5 Rxb2 {a tempo} 43. a4 Ke7 44. Kf3 {a tempo} f6 45. Bc4 {
+0.2} Rc2 {[%eval 72,0]} 46. Be2 Ra2 47. Bb5 e5 48. Kg2 h5 49. Kf1 Ra1+ {a
tempo} 50. Ke2 e4 {[%eval 72,0] a tempo;} 51. Nd1 {+0.5} Ra2+ 52. Ke1 Rxh2 53.
Ne3 Ke6 54. Bc4+ Kd6 55. Nxf5+ {+0.9} Kc5 {[%eval 12,0]} 56. Be2 Kb4 57. Nd6 {
a tempo} h4 58. gxh4 {a tempo} Rxh4 {a tempo} 59. f5 Kxa4 60. Ne8 {-0.1} Rh6 {
[%eval 136,0]} 61. Ba6 Kb4 {[%eval 257,0]} 62. Bb7 {-1.2} e3 {a tempo} 63. Ke2
a4 64. Kxe3 Rh7 {[%eval 442,0]} 65. Bc8 {a tempo; -3.6} 0-1

[Event "Mephisto Cup (40/120')"]
[Site "?"]
[Date "2012.??.??"]
[Round "1"]
[White "Saitek SH7034, Magellan"]
[Black "Mephisto ARM2, RISC 1.2."]
[Result "1-0"]
[WhiteElo "2229"]
[BlackElo "2263"]
[Annotator "xchessg"]
[PlyCount "158"]
[SourceDate "2009.11.09"]

1. e3 d5 2. Nf3 {*Fullbook; +0.1} Bg4 {[%eval 5,0] *Grossbuch;} 3. c4 e6 4. d4
a5 5. cxd5 exd5 6. Bd3 Bb4+ 7. Bd2 Nf6 8. Bxb4 axb4 9. h3 Bh5 10. O-O {a tempo;
+0.5} Ne4 {[%eval 12,0]} 11. Nbd2 Nxd2 {a tempo} 12. Qxd2 Bxf3 13. gxf3 Nc6 14.
Bb5 Qd6 15. Rfc1 {+1.1} O-O {[%eval 15,0]} 16. Qc2 Qg6+ {a tempo} 17. Qxg6 fxg6
{a tempo} 18. Bxc6 bxc6 19. Rxc6 Rxf3 20. Rxc7 {+1.5} Raf8 {[%eval -45,0]} 21.
Rf1 Rxh3 22. Rb7 Rhf3 23. Rxb4 R3f5 24. Rb7 Ra8 25. Rc1 {+0.5} Rf7 26. Rxf7
Kxf7 {[%eval -113,0]} 27. a3 Kf6 28. Rc6+ Ke7 29. Rc7+ Kf6 30. f3 {+1.7} Rb8 {
[%eval -137,0]} 31. b4 Ra8 {a tempo} 32. Rc6+ Kf5 33. Rd6 Rxa3 34. Kf2 {a tempo
} h5 35. Rxd5+ {+2.0} Kf6 36. e4 Rb3 37. b5 Rb4 38. f4 Rb2+ 39. Kg3 {a tempo}
Rb3+ 40. Kg2 {+1.8} Rb2+ {[%eval -166,0]} 41. Kf1 Kf7 {[%eval -168,0]} 42. Rd7+
Kg8 43. Rb7 Rb4 44. b6 Rxd4 45. Re7 {+1.3} Rb4 {[%eval -106,0]} 46. b7 {a tempo
} Kh7 47. Kg2 Rb2+ {a tempo} 48. Kh3 g5 {a tempo} 49. fxg5 Kg6 50. Kh4 {a
tempo; +0.8} Rb4 {[%eval -93,0]} 51. Re6+ Kf7 52. Rc6 Rxb7 53. g6+ {+1.4} Ke8
54. Kxh5 {a tempo} Re7 55. Rc4 {a tempo; +0.7} Re5+ 56. Kg4 Ke7 {a tempo} 57.
Kf4 Ra5 58. Rc7+ Kf6 59. Rc6+ Ke7 {a tempo} 60. Rb6 {+0.9} Ra7 {[%eval -158,0]}
61. Kf5 Kd7 62. e5 Kc7 63. Rf6 {a tempo; +2.7} gxf6 {[%eval -318,0]} 64. g7 {
a tempo} fxe5 {[%eval -393,0]} 65. g8=Q Ra4 66. Qb3 Rd4 67. Kxe5 Rd8 {[%eval
-152,0]} 68. Qe6 {+4.2} Rd7 69. Qc4+ {a tempo} Kd8 70. Qa4 {+4.2} Kc7 {[%eval
-153,0] a tempo;} 71. Ke6 Rd6+ 72. Ke7 {a tempo} Rb6 73. Qd7+ {a tempo} Kb8 {
a tempo} 74. Kd8 Rb7 75. Qd5 {+4.3} Rb1 {[%eval -149,0]} 76. Qd6+ {a tempo; +8.
9} Kb7 77. Qd7+ Kb8 78. Qc7+ Ka8 {[%eval -155,0] a tempo;} 79. Kc8 {+9.0} Rb6 {
"I Resign"} 1-0

[Event "Mephisto Cup (40/120')"]
[Site "?"]
[Date "2013.??.??"]
[Round "2"]
[White "Mephisto ARM2, RISC 1.2."]
[Black "Saitek SH7034, Magellan"]
[Result "1-0"]
[WhiteElo "2263"]
[BlackElo "2229"]
[Annotator "xchessg"]
[PlyCount "112"]
[SourceDate "2009.11.09"]

1. e4 e5 2. Nf3 Nc6 3. Bc4 Be7 4. d4 {[%eval 18,0] *Turnierbuch;} exd4 5. Nxd4
d6 6. Nxc6 bxc6 {*Fullbook; +0.1} 7. Nc3 {a tempo} Nf6 8. Be3 Ng4 9. Bd4 O-O
10. Be2 {[%eval 20,0]} Bf6 {-0.1} 11. f3 {a tempo} Bxd4 12. Qxd4 c5 13. Qd2 Nf6
{a tempo} 14. O-O Rb8 {a tempo} 15. b3 Bb7 16. Rad1 Qe7 17. Rfe1 Rfd8 {a tempo}
18. Nd5 Nxd5 19. exd5 {a tempo} Qd7 20. Qa5 {[%eval 29,0]} a6 {+0.0} 21. a4 Re8
22. Bc4 Rxe1+ 23. Rxe1 {a tempo} h6 24. Bxa6 Bxd5 25. Bd3 c6 26. c4 Be6 27. Bc2
Kf8 28. Rd1 Ke7 29. f4 g6 30. Qe1 {[%eval 81,0]} Kd8 {+0.1} 31. Qh4+ Kc7 32.
Qxh6 Bf5 33. Bxf5 Qxf5 {a tempo} 34. Qh4 Rxb3 35. Qe7+ {[%eval 57,0]} Qd7 {-0.1
} 36. Re1 {a tempo} Rb8 37. h3 Rb7 38. Qf6 Kb6 39. a5+ Kxa5 40. Rd1 {[%eval 99,
0]} Kb6 {+0.0} 41. Rxd6 Qe8 {a tempo} 42. Kh2 Kc7 43. Rd1 Rb4 44. Qa1 {a tempo}
Kb6 45. Qa2 Kb7 {a tempo} 46. Kh1 Qc8 47. Ra1 Qb8 {a tempo} 48. Qa5 Kc8 49.
Qxc5 Rb1+ 50. Rxb1 Qxb1+ {+0.8} 51. Kh2 {[%eval 155,0]} Kd7 52. Qd4+ Ke8 53.
Qe5+ Kd7 54. Qf6 {a tempo} Qf5 55. Qxf5+ {[%eval 248,0]} gxf5 {+2.9} 56. Kg3
Ke6 {+4.6} 1-0

[Event "Mephisto Cup (40/120')"]
[Site "?"]
[Date "2013.??.??"]
[Round "3"]
[White "Saitek SH7034, Magellan"]
[Black "Mephisto ARM2, RISC 1.2."]
[Result "1/2-1/2"]
[WhiteElo "2229"]
[BlackElo "2263"]
[Annotator "xchessg"]
[PlyCount "112"]
[SourceDate "2009.11.09"]

1. d4 d5 2. Nf3 Nf6 3. c4 c6 4. g3 Bf5 5. cxd5 {*Fullbook; +0.1} cxd5 {[%eval
4,0] *Turnierbuch;} 6. Qb3 b6 7. Bg2 Nc6 8. O-O Rc8 9. Bf4 {a tempo} Na5 10.
Qb5+ {+0.4} Bd7 {[%eval -2,0]} 11. Qa6 Rc2 12. Nc3 Rxb2 {a tempo} 13. Qxa7 Nc6
14. Qb7 Na5 15. Qc7 {+1.1} Qxc7 {[%eval -12,0]} 16. Bxc7 {a tempo} Bf5 17. Nh4
Be4 18. Bxe4 Nxe4 {a tempo} 19. Nxd5 e6 20. Nxb6 Rxe2 {[%eval -71,0] a tempo;}
21. Rfe1 Rc2 22. Rac1 Rxc1 23. Rxc1 {a tempo} Bb4 24. Kg2 {a tempo} O-O 25. d5
{+0.9} g5 {[%eval -79,0]} 26. Nf3 g4 27. Ne5 h5 28. f3 gxf3+ 29. Kxf3 f5 30.
dxe6 {a tempo; +2.4} Re8 {[%eval -137,0]} 31. Nbd7 Kg7 32. Kf4 Bd2+ 33. Kxf5 {
a tempo} Bxc1 34. Kxe4 Nb7 35. Nd3 {+1.9} Bg5 {[%eval -194,0]} 36. Kf5 Nd8 {a
tempo} 37. N3c5 Be7 {[%eval -227,0]} 38. Be5+ {a tempo} Kh7 39. a4 {a tempo}
Nc6 40. Ne4 {+2.3} Kh6 {[%eval -233,0]} 41. Nef6 Bxf6 {a tempo} 42. Kxf6 Ra8
43. e7 Nxe7 {a tempo} 44. Bf4+ Kh7 {a tempo} 45. Kxe7 {+3.0} Rxa4 46. Kf6 {a
tempo} Ra2 47. Kf5 Rxh2 48. g4 {a tempo} Rf2 49. gxh5 Rf1 {[%eval -313,0]} 50.
Nf6+ {+3.0} Kg7 51. h6+ Kh8 52. Nd7 {a tempo} Kh7 53. Nf8+ Kg8 54. h7+ Kg7 {
[%eval -35,0]} 55. Ke4 {+2.8} Rh1 56. Be5+ {+2.8} Kxf8 1/2-1/2

[Event "Mephisto Cup (40/120')"]
[Site "?"]
[Date "2013.??.??"]
[Round "4"]
[White "Mephisto ARM2, RISC 1.2."]
[Black "Saitek SH7034, Magellan"]
[Result "0-1"]
[WhiteElo "2263"]
[BlackElo "2229"]
[Annotator "xchessg"]
[PlyCount "108"]
[SourceDate "2009.11.09"]

1. d4 d5 2. c4 c6 3. Nf3 dxc4 4. e3 b5 5. a4 Bf5 6. Nc3 {[%eval 24,0]
*Turnierbuch;} b4 7. Na2 e6 {*Randombook; +0.3} 8. Bxc4 Nf6 9. Bd2 a5 10. O-O {
a tempo} Bd6 11. Nc1 Nbd7 12. Bd3 Bxd3 13. Nxd3 c5 14. Rc1 cxd4 15. exd4 O-O {
a tempo} 16. Nfe5 Nd5 17. Qg4 N7f6 18. Qf3 Rc8 {a tempo} 19. Rfe1 Rxc1 20. Rxc1
{[%eval 13,0] a tempo;} Qb8 21. g3 Rc8 {-0.4} 22. Nc4 Bc7 {a tempo} 23. Nc5 Bd8
{a tempo} 24. Bg5 h6 25. Bd2 Qa7 26. Qe2 {a tempo} Bc7 27. h3 Nb6 28. Ne5 {a
tempo} Bxe5 29. Qxe5 Nbd5 30. f3 Ne7 31. Kg2 Qa8 32. b3 Rd8 33. Rc4 {a tempo}
Nf5 34. Bf4 Qd5 35. Qe2 Nxd4 {[%eval -100,0]} 36. Qd3 {[%eval -97,0]} Nf5 37.
Qxd5 Nxd5 38. Kf2 Nxf4 39. Rxf4 Rd2+ 40. Ke1 {[%eval -163,0] a tempo;} Rd5 {-2.
0} 41. Rc4 Nxg3 42. Kf2 Nf5 43. Nb7 {a tempo} Kh7 44. Re4 Kg6 45. Rf4 e5 46.
Rc4 Nd4 {a tempo} 47. Nc5 f5 48. Ke3 Kg5 49. Kf2 Kh4 50. Kg2 {[%eval -290,0]}
f4 51. Rc1 {[%eval -305,0] a tempo;} Rd6 52. Rd1 Rg6+ 53. Kf2 Rg3 {a tempo} 54.
Rd3 Kxh3 0-1

[Event "Mephisto Cup (40/120')"]
[Site "?"]
[Date "2013.??.??"]
[Round "5"]
[White "Saitek SH7034, Magellan"]
[Black "Mephisto ARM2, RISC 1.2."]
[Result "1/2-1/2"]
[WhiteElo "2229"]
[BlackElo "2263"]
[Annotator "xchessg"]
[PlyCount "110"]
[SourceDate "2009.11.09"]

1. b4 c6 2. Bb2 a5 3. a3 axb4 4. axb4 Rxa1 5. Bxa1 Qb6 6. Bc3 Na6 {[%eval 38,0]
*Turnierbuch;} 7. Qc1 Nxb4 {[%eval 69,0]} 8. Qb2 e6 9. Na3 d5 {[%eval 75,0]}
10. e4 {*Fullbook; -0.8} f6 {a tempo} 11. exd5 exd5 12. Nf3 Bc5 13. d4 Bd6 {a
tempo} 14. Be2 Ne7 {[%eval 30,0]} 15. O-O {+0.0} c5 {a tempo} 16. Rb1 Nec6 17.
Bb5 Na6 {a tempo} 18. Re1+ Be7 19. Nc4 {a tempo; +0.2} dxc4 {[%eval 52,0]} 20.
d5 Kf8 21. dxc6 bxc6 22. Bxc4 Qxb2 23. Bxb2 {a tempo} Nc7 24. Ra1 Bf5 25. Ra7
Bd6 26. Ba3 {a tempo} Ke7 27. Bxc5 Bxc5 {a tempo} 28. Rxc7+ Bd7 29. Rb7 Ra8 {
a tempo} 30. Kf1 {-0.1} g6 {[%eval 20,0]} 31. Nd2 Ra7 32. Rxa7 Bxa7 {a tempo}
33. Bd3 Bd4 34. Nf3 Bb6 35. h3 Be6 36. Ke2 Bd5 37. g4 Bc5 38. Nh4 Bb4 39. f4 c5
40. c4 {+0.0} Bc6 {[%eval 18,0]} 41. Ke3 Kd6 42. f5 g5 43. Nf3 Be8 44. Be4 {a
tempo} Bf7 45. Kd3 h5 46. Bb7 Kc7 47. Bd5 Bxd5 48. cxd5 h4 49. Kc4 Kd6 50. Ng1
Ba3 51. Ne2 Bb2 52. Kb3 {a tempo} Be5 53. Kc4 Bb2 {[%eval 0,0] a tempo;} 54.
Kb3 {-0.1} Bd4 55. Kc4 Bb2 1/2-1/2